Statistics for Top 20 Most Liked Countries

Click here to take the quiz!

General Stats

  • This quiz has been taken 114 times
  • The average score is 16 of 20

Answer Stats

ScoreCountry% Correct
78.2Sweden
94%
74.5Norway
91%
75.1Finland
88%
68.2France
88%
76.7Denmark
87%
69.5Japan
87%
72.8Italy
86%
76.4Canada
85%
72.2Spain
85%
71.2Germany
84%
77.1Switzerland
82%
75.5Australia
81%
76.3Netherlands
81%
69.8Portugal
80%
74.9New Zealand
77%
72.0Belgium
76%
72.4Austria
71%
73.7Ireland
71%
69.0Greece
65%
69.3Singapore
49%

Score Distribution

Percentile by Number Answered

Percent of People with Each Score

Your Score History

You have not taken this quiz